<?xml version="1.0" encoding="UTF-8"?>
<marc:record xmlns:marc="http://www.loc.gov/MARC21/slim">
   <marc:leader>00000nam a2200000 a 4500</marc:leader>
   <marc:datafield ind1="1" ind2=" " tag="100">
      <marc:subfield code="a">Koch, Dieter</marc:subfield>
      <marc:subfield code="4">aut</marc:subfield>
      <marc:subfield code="e">Verfasser/-in</marc:subfield>
   </marc:datafield>
   <marc:datafield ind1=" " ind2=" " tag="653">
      <marc:subfield code="a">Hörfigur</marc:subfield>
   </marc:datafield>
   <marc:datafield ind1=" " ind2=" " tag="653">
      <marc:subfield code="a">Tonie</marc:subfield>
   </marc:datafield>
   <marc:datafield ind1="0" ind2="0" tag="245">
      <marc:subfield code="a">Minnie - Helfen macht Spaß : Hörspiel ab 4 Jahren</marc:subfield>
   </marc:datafield>
   <marc:datafield ind1="0" ind2="0" tag="245">
      <marc:subfield code="b">Hörfigur für die Toniebox</marc:subfield>
   </marc:datafield>
   <marc:datafield ind1=" " ind2="1" tag="264">
      <marc:subfield code="b">Boxine GmbH</marc:subfield>
      <marc:subfield code="c">2022</marc:subfield>
   </marc:datafield>
   <marc:datafield ind1="1" ind2=" " tag="520">
      <marc:subfield code="a">Ei-Ärger
Die Hilfreichen Helfer beaufsichtigen ein Ei von Henriette Huhn. Damit haben sie schon alle Hände voll zu tun, aber richtig schwierig wird es, als Goofys Hotdog-Hänger sich losmacht und durch die Stadt saust.

Zum Tee bei der Queen
Eigentlich sind die Hilfreichen Helfer und ihre Freunde bei der Königin von England zum Tee eingeladen, doch Micky, Goofy und Donald dürfen nicht in den Palast hinein, und dann geht die große Uhr des berühmten Big Ben kaputt.

Die Geburtstagstorte
Die Hilfreichen Helfer sollen schnellstens eine achtstöckige Geburtstagstorte für eine Geburtstagsparty backen. Der Transport der riesigen Torte ist aber sehr schwierig, und außerdem sorgt ein ungebremst rasender Karlo auf Rollerblades für zusätzliche Aufregung.

Der Angelausflug
Micky und Goofy fahren zum Angeln an den Hotdog-See. Doch ganz unerwartet erscheinen dort auch Donald, Minnie, Daisy und Kuckulina, und schon beginnt ein aufregendes Abenteuer mit bissigen Schnappschildkröten und einem riesigen Fisch.</marc:subfield>
   </marc:datafield>
   <marc:datafield ind1="3" ind2=" " tag="024">
      <marc:subfield code="a">4251192119155</marc:subfield>
   </marc:datafield>
</marc:record>
